| 000 | 00422nam a2200157 i 4500 | ||
|---|---|---|---|
| 001 | 147886 | ||
| 003 | ES-MaACL | ||
| 005 | 20230906202316.0 | ||
| 007 | t| | ||
| 008 | 071008s1969 sp ||||1| spa d | ||
| 100 | 1 |
_aUrbina, Pedro Antonio. _9112093 |
|
| 245 | 1 | 0 |
_aDios en la playa / _cPedro Antonio, Urbina. |
| 260 |
_a[Madrid : _bEucar, _c1969] |
||
| 300 |
_a196 p. ; _c19 cm. |
||
| 852 |
_aES-MaACL _jC-51087 _bR.69395 |
||
| 999 |
_c147886 _d147886 |
||